[Event "Online Olym Div3 B"]
[Site "Chess.com INT"]
[Date "2020.08.08"]
[Round "5.3"]
[White "Paulo, Jemima"]
[Black "Tsai, Sophie Yi Hsuan"]
[Result "0-1"]
[WhiteElo "1599"]
[BlackElo "1131"]
[PlyCount "34"]
[EventDate "2020.08.07"]
[EventType "team-tourn (rapid)"]
[EventRounds "9"]
[EventCountry "USA"]
[SourceTitle "CBM 198"]
[Source "ChessBase"]
[SourceDate "2020.10.31"]
[SourceVersion "1"]
[SourceVersionDate "2020.10.31"]
[SourceQuality "1"]
[WhiteTeam "Angola"]
[BlackTeam "Taiwan"]
[WhiteTeamCountry "ANG"]
[BlackTeamCountry "TPE"]

1. c4 e5 2. Nc3 Nf6 3. g3 c6 4. Nf3 d6 5. Bg2 Be6 6. c5 e4 7. Ng5 d5 8. Nxe6 fxe6 9. b4 Be7 10. 0-0 0-0 11. d3 exd3 12. Qxd3 a5 13. Qd4 Nbd7 14. b5 Bxc5 15. Qa4 Nb6 16. Qc2 Qe7 17. bxc6 bxc6 0-1